000
00331nam a22001457a 4500
008
230413b ||||| |||| 00| 0 eng d
020
_a
0872011909
041
_a
eng
080
_a
72
082
_a
72LOB
100
_a
20
101
_a
NDERTIM
245
_a
CENTRIFUGAL PUMPS DESIGN APPLICATION
_c
LOBANOFF.S.V
942
_2
udc
_c
BK
999
_c
59530
_d
59530